Tagalog - Home - Statistics

General Stats
  • This quiz has been taken 153 times
  • The average score is 12 of 15
Answer Stats
Picture Answer % Correct
Bahay
98%
Aso
90%
Kotse
89%
Pusa
89%
Banyo
84%
Kusina
81%
Ilaw
80%
Kama
80%
Pinto
80%
Bintana
76%
Kutsara
75%
Plato
75%
Tinidor
74%
Baso
72%
Kutsilyo
70%
No matching quizzes found
Score Distribution
Percent of People with Each Score
Percentile by Number Answered
Your Score History
You have not taken this quiz